The New Testament: The African Bible Standard Edition (Record no. 11075)

MARC details
000 -LEADER
fixed length control field 00640nam a2200241 a 4500
001 - CONTROL NUMBER
control field 0001-1075
003 - CONTROL NUMBER IDENTIFIER
control field ELIB.Books
008 - FIXED-LENGTH DATA ELEMENTS--GENERAL INFORMATION
fixed length control field 150108 2010 eng
020 ## - INTERNATIONAL STANDARD BOOK NUMBER
International Standard Book Number 0913367613
035 ## - SYSTEM CONTROL NUMBER
System control number (ELIB.Books)0001-1230
092 ## - LOCALLY ASSIGNED DEWEY CALL NUMBER (OCLC)
Classification number 220
Item number Bib R
100 ## - MAIN ENTRY--PERSONAL NAME
Personal name Bible
245 ## - TITLE STATEMENT
Title The New Testament: The African Bible Standard Edition
260 ## - PUBLICATION, DISTRIBUTION, ETC. (IMPRINT)
Place of publication, distribution, etc. Wheaton
Name of publisher, distributor, etc. Tyndale House Publishers, Inc.
Date of publication, distribution, etc. 1996
300 ## - PHYSICAL DESCRIPTION
Extent 327
Dimensions 23 Cm
500 ## - GENERAL NOTE
General note C/o Moe Lwai
650 ## - SUBJECT ADDED ENTRY--TOPICAL TERM
Topical term or geographic name as entry element Bible
856 ## - ELECTRONIC LOCATION AND ACCESS
Name of location of host KBTS; Library
Uniform Resource Identifier <a href="KBTS; Elib.">KBTS; Elib.</a>
942 ## - ADDED ENTRY ELEMENTS (KOHA)
Source of classification or shelving scheme Dewey Decimal Classification
Koha item type Books
990 ## - EQUIVALENCES OR CROSS-REFERENCES [LOCAL, CANADA]
Link information for 9XX fields 2
998 ## - LOCAL CONTROL INFORMATION (RLIN)
Cataloger's initials, CIN (RLIN) bat
-- 2015-01-08
-- cat
-- 2020-05-25
Holdings
Withdrawn status Lost status Source of classification or shelving scheme Damaged status Not for loan Home library Current library Date acquired Total Checkouts Barcode Date last seen Bill Date Koha item type
    Dewey Decimal Classification     Karen Baptist Theological Seminary Library Karen Baptist Theological Seminary Library 08/01/2015   15293, 17643 22/01/2022 22/01/2022 Books
Implemented & Customized by: BestBookBuddies

Powered by Koha